00267 a2200109 4500001000700000020000600007040001100013100003100024240004900055245004400104362000900148166394 a  cMagnum aMartins, Pura Lucia Oliver10aA didatica e as contradicoes da praticalpor10aA didatica e as contradicoes da pratica0 a1899